000
00301nam a22001337a 4500
008
170526b xxu||||| |||| 00| 0 eng d
020
_a
0070081077
041
_a
eng
080
_a
621.38
100
_a
27
101
_a
IM
245
_a
BASIC ELECTRONICS FOR SCIENTIST
_c
BROPHY, J.J
942
_2
udc
_c
BK
999
_c
14518
_d
14518